LDR 00983naa#a2200205#i#450# 001 RU\\bibl\121656 005 20260630051340.2 011 ## _a2077-7566 100 ## _a20260629b2026####ek#y0rusy0150####ca 101 0# _aRUS 102 ## _aRU 200 1# _aСТОМАТОЛОГИЧЕСКИЙ СТАТУС У ПАЦИЕНТОВ С ХРОНИЧЕСКОЙ СЕРДЕЧНОЙ НЕДОСТАТОЧНОСТЬЮ ПРИ ДЕНТАЛЬНОЙ ИМПЛАНТАЦИИ _eЖурнальная статья 210 1# _aЕкатеринбург _cИздательский Дом «ТИРАЖ» _d2026 215 ## _a7 с. 608 ## _aЖурнальная статья _2local 675 ## _aСтоматология. Заболевания ротовой полости и зубов. 616.31 _zRUS 686 ## _aКлиническая медицина. 76.29 _2grnti 700 #1 _aРемизова _gАнна Александровна 700 #1 _aКесаева _gГалина Айтеговна 856 4# _adental-press.ru _u